000 00373nam a2200133Ia 4500
005 20260328104341.0
008 260328s9999||||xx |||||||||||||| ||und||
100 _aCardoso, DanieL
245 0 _aDesigning the Computational Image, Imagining Computational Design /
_cDanieL Cardoso
260 _bOro Editions
300 _a380 p.
650 _aDISEÑO GRÁFICO
942 _cBK
999 _c12096
_d12096